Treatment of RSS effluent in anaerobic immobilised growth digester (AIGD) and its use for irrigation (Record no. 52655)

MARC details
000 -LEADER
fixed length control field 00715nam a2200193Ia 4500
100 ## - MAIN ENTRY--AUTHOR NAME
Personal name Mathew J.
245 #0 - TITLE STATEMENT
Title Treatment of RSS effluent in anaerobic immobilised growth digester (AIGD) and its use for irrigation
260 ## - PUBLICATION, DISTRIBUTION, ETC. (IMPRINT)
Name of publisher In: Preprints of Papers. International Natural Rubber Conference, India 2005, 6-8 November 2005, Rubber Research Institute of India, Kottayam, Kerala, India, pp. 426-435.
Year of publication 2005
650 ## - SUBJECT ADDED ENTRY--TOPICAL TERM
Topical Term Immobilized growth digester
650 ## - SUBJECT ADDED ENTRY--TOPICAL TERM
Topical Term Irrigation
650 ## - SUBJECT ADDED ENTRY--TOPICAL TERM
Topical Term Sheet rubber effluent
650 ## - SUBJECT ADDED ENTRY--TOPICAL TERM
Topical Term Soil property
700 ## - ADDED ENTRY--PERSONAL NAME
Personal name Jessy M.D.
700 ## - ADDED ENTRY--PERSONAL NAME
Personal name Jose G.[a]
700 ## - ADDED ENTRY--PERSONAL NAME
Personal name Rameshan C.K.V.
700 ## - ADDED ENTRY--PERSONAL NAME
Personal name Sanil K.V.
942 ## - ADDED ENTRY ELEMENTS (KOHA)
Koha item type Bibliography STAF
Holdings
Withdrawn status Lost status Damaged status Not for loan Home library Current library Date acquired Koha item type
      Bibliography RRII Library RRII Library 09/04/2014 Bibliography STAF